000 00371 a2200169 4500
001 187909
020 _a85-332-0701-8
040 _cMagnum
100 _aSteinbeck, John
240 1 0 _aO filho desejado
_lpor
245 1 0 _aO filho desejado
300 _a182
362 0 _a1998
440 1 _aCĂ­rculo do Livro
697 _aLITERATURA GERAL ESTRANGEIRA
942 _cBK
999 _c187909
_d187909